The noble scholar, jurist, historian


 His Excellency Dr. Abdul Wahhab bin Ibrahim Abu Sulaiman, may Allah have mercy on him.


 He was born in Umm Al-Qura in the year 1356 AH.

المذهب الحنفي : (Record no. 6536)

MARC details
000 -LEADER
fixed length control field 02651cam a2200337 i 4500
003 - CONTROL NUMBER IDENTIFIER
control field OSt
005 - DATE AND TIME OF LATEST TRANSACTION
control field 20250321131237.0
008 - FIXED-LENGTH DATA ELEMENTS--GENERAL INFORMATION
fixed length control field 250321s2001 su g 00000dara c
024 0# - OTHER STANDARD IDENTIFIER
Standard number or code 00000000965579
040 ## - CATALOGING SOURCE
Original cataloging agency SA-RiAUC
Language of cataloging ara
Transcribing agency SA-RiAUC
Modifying agency AE-DuMBRL
Description conventions rda
050 #4 - LIBRARY OF CONGRESS CALL NUMBER
Item number .N37 2001
082 04 - DEWEY DECIMAL CLASSIFICATION NUMBER
Classification number 258.1
Assigning agency SA-RiAUC
090 ## - LOCALLY ASSIGNED LC-TYPE CALL NUMBER (OCLC); LOCAL CALL NUMBER (RLIN)
Classification number (OCLC) (R) ; Classification number, CALL (RLIN) (NR) 258.1
Local cutter number (OCLC) ; Book number/undivided call number, CALL (RLIN) ن ق ي
100 1# - MAIN ENTRY--PERSONAL NAME
Personal name النقيب، أحمد بن محمد نصير الدين
Relator term مؤلف.
245 12 - TITLE STATEMENT
Title المذهب الحنفي :
Remainder of title مراحله وطبقاته-ضوابطه ومصطلحاته-خصائصه ومؤلفاته /
Statement of responsibility, etc. تأليف أحمد بن محمد نصير الدين النقيب.
250 ## - EDITION STATEMENT
Edition statement الطبعة الأولى.
264 #1 - PRODUCTION, PUBLICATION, DISTRIBUTION, MANUFACTURE, AND COPYRIGHT NOTICE
Place of production, publication, distribution, manufacture الرياض :
Name of producer, publisher, distributor, manufacturer مكتبة الرشد،
Date of production, publication, distribution, manufacture, or copyright notice 2001.
300 ## - PHYSICAL DESCRIPTION
Extent 2 مجلد ؛
Dimensions 24 × 17 سم.
336 ## - CONTENT TYPE
Content type term نص
Content type code txt
Source rdacontent
Materials specified كتاب
337 ## - MEDIA TYPE
Media type term بدون وسيط
Media type code n
Source rdamedia
338 ## - CARRIER TYPE
Carrier type term مجلد
Carrier type code nc
Source rdacarrier
490 1# - SERIES STATEMENT
Series statement سلسلة رسائل جامعية / وزارة الثقافة والإعلام ،العراق، دار الشؤون الثقافية العامة ؛
Volume/sequential designation 90
505 0# - FORMATTED CONTENTS NOTE
Formatted contents note المحتويات : مجلد 1. معارف أساسية عن المذهب-مجلد 2. مؤلفات علماء المذهب.
520 ## - SUMMARY, ETC.
Summary, etc. يتناول كتاب (المذهب الحنفي) والذي قام بتأليفه أحمد بن محمد نصير الدين النقيب، موضوع (المذهب الحنفي) الكتاب يستعرض المذهب الحنفي فهو أحد المذاهب الأربعة المتبوعة وأولهم، وكان منهج الإمام أبو حنيفة الأخذ بالرأي، فليس المراد به الهوى والتشهي، وإنما هو الرأي المبني على الدليل أو القرائن أو متابعة الأصول العامة للشريعة. وقد توسع في الأخذ بالرأي والقياس في غير الحدود والكفارات والتقديرات الشرعية، بسبب أنه أقل من غيره من الأئمة في رواية الحديث لتقدم عهده على عهد بقية الأئمة، ولتشدده في رواية الحديث بسبب تفشي الكذب في العراق في زمانه وكثرة الفتن.
650 #7 - SUBJECT ADDED ENTRY--TOPICAL TERM
Topical term or geographic name entry element الفقه الحنفي
Source of heading or term aucsh
650 #7 - SUBJECT ADDED ENTRY--TOPICAL TERM
Topical term or geographic name entry element أصول الفقه الإسلامي
Source of heading or term aucsh
830 #0 - SERIES ADDED ENTRY--UNIFORM TITLE
Uniform title سلسلة رسائل جامعية (دار الشؤون الثقافية العامة)
Volume/sequential designation 90
942 ## - ADDED ENTRY ELEMENTS (KOHA)
Source of classification or shelving scheme Dewey Decimal Classification
Koha item type Books
Suppress in OPAC No
949 ## - LOCAL PROCESSING INFORMATION (OCLC)
a SA-JeALM
d 250321
u eid123
n 1
Holdings
Withdrawn status Lost status Source of classification or shelving scheme Materials specified (bound volume or other part) Damaged status Not for loan Home library Current library Date acquired Total checkouts Full call number Barcode Date last seen Price effective from Koha item type
    Dewey Decimal Classification الجزء الاول     DR AbdElwahab Library DR AbdElwahab Library 03/21/2025   258.1 ن ق ي 000011026 03/21/2025 03/21/2025 Books
    Dewey Decimal Classification الجزء الثاني     DR AbdElwahab Library DR AbdElwahab Library 03/21/2025   258.1 ن ق ي 000011027 03/21/2025 03/21/2025 Books